|
|
|
|
| LEADER |
02269cas a2200253 a 4500 |
| 001 |
AALejournalIMF014346 |
| 008 |
230101c9999 xx r poo 0 0eng d |
| 020 |
|
|
|c 5.00 USD
|
| 020 |
|
|
|z 9781484354711
|
| 022 |
|
|
|a 1018-5941
|
| 040 |
|
|
|a BD-DhAAL
|c BD-DhAAL
|
| 100 |
1 |
|
|a Goerl, Caroline-Antonia.
|
| 245 |
1 |
0 |
|a Income Inequality, Fiscal Decentralization and Transfer Dependency /
|c Caroline-Antonia Goerl, Mike Seiferling.
|
| 264 |
|
1 |
|a Washington, D.C. :
|b International Monetary Fund,
|c 2014.
|
| 300 |
|
|
|a 1 online resource (26 pages)
|
| 490 |
1 |
|
|a IMF Working Papers
|
| 500 |
|
|
|a <strong>Off-Campus Access:</strong> No User ID or Password Required
|
| 500 |
|
|
|a <strong>On-Campus Access:</strong> No User ID or Password Required
|
| 506 |
|
|
|a Electronic access restricted to authorized BRAC University faculty, staff and students
|
| 520 |
3 |
|
|a Within the context of reigniting post crisis macroeconomic growth, income inequality has emerged as a topic of significant interest for both academics and policymakers (Bastagli, Coady, and Gupta, 2012) This study builds on past literature on fiscal decentralization suggesting that redistribution is most effectively carried out at sub-central levels of government. Using the IMF's multi-sector Government Finance Statistics Yearbook database, this paper tests the impact of decentralized redistribution on income inequality for a globally representative sample of countries since 1980. The findings suggest that the decentralization of government expenditure can help achieve a more equal distribution of income. However, several conditions need to be fulfilled: i) the government sector needs to be sufficiently large, ii) decentralization should be comprehensive, including redistributive government spending, and, iii) decentralization on the expenditure side should be accompanied by adequate decentralization on the revenue side, such that subnational governments rely primarily on their own revenue sources as opposed to intergovernmental transfers.
|
| 538 |
|
|
|a Mode of access: Internet
|
| 700 |
1 |
|
|a Seiferling, Mike.
|
| 830 |
|
0 |
|a IMF Working Papers; Working Paper ;
|v No. 2014/064
|
| 856 |
4 |
0 |
|z Full text available on IMF
|u http://elibrary.imf.org/view/journals/001/2014/064/001.2014.issue-064-en.xml
|z IMF e-Library
|